Normal view
MARC view
- ابو قحف، عبد السلام /م.مشارك: طارق طه احمد
Entry Personal Name
001 - CONTROL NUMBER
- control field: 32627
003 - CONTROL NUMBER IDENTIFIER
- control field: JO-AjAnu
005 - DATE AND TIME OF LATEST TRANSACTION
- control field: 20230606075500.0
008 - FIXED-LENGTH DATA ELEMENTS
- fixed length control field: 230606|| aca||aabn | a|a d
040 ## - CATALOGING SOURCE
- Original cataloging agency: JO-AjAnu
- Transcribing agency: JO-AjAnu
100 ## - HEADING--PERSONAL NAME
- Personal name: ابو قحف، عبد السلام /م.مشارك: طارق طه احمد
670 ## - SOURCE DATA FOUND
- Source citation: Work cat.: (JO-AjAnu)16762: ابو قحف، عبد السلام /م.مشارك: طارق طه احمد, author, محاضرات في هندسة الاعلان والاعلان الاليكتروني